| 000 | 00535cam a2200193ua 4500 | ||
|---|---|---|---|
| 001 | 12135 | ||
| 008 | 170321n II |||gr||||Z||||||hin | ||
| 040 | _aMAIN | ||
| 041 | _aEnglish | ||
| 082 | _a891.43 SAR | ||
| 245 | _aNOI KIRAN Part -3 (Hindi) | ||
| 250 | _aREP. | ||
| 260 |
_aNEW DELHI: _bFRENK BROTHERS & CO, _c1992. |
||
| 300 |
_a98: _c20CM. |
||
| 500 | _aDonated by Dilip Kr.Chakravarty, Ex.Prof.SGC, Deptt. Political Science - 14.11.2016 | ||
| 653 | _aHindi Books | ||
| 700 |
_aSARMAH, SASHI KUMAR, _eAUTHOR. |
||
| 942 | _cBK | ||
| 999 |
_c12087 _d12087 |
||